000 00437nam a22001577a 4500
999 _c4762
_d4762
008 200828b ||||| |||| 00| 0 eng d
082 0 0 _a515.3
_bD2291
100 _91990
_aDas, B. C.
245 1 0 _aDifferential calculus /
_cby B. C. Das and B. N. Mukherjee
250 _a9th ed.
260 _aCalcutta:
_bU. N. Dhar,
_c1994.
300 _axx, 471 p.
650 0 _aDifferential Calculus
700 _91994
_aMukherjee, B. N.
942 _cBK